000 00433nam a2200145 4500
001 148743
003 ES-MaACL
007 t|
008 070214s1953 sp r ||||1| spa d
100 1 _aSuasi de Blas, José María.
_9108671
245 1 0 _aEscritos, ensayos y crónicas /
_cJosé María Suasi de Blas.
260 _aTorrelavega :
_bAntonio Fernández,
_c1953.
300 _a194 p. ;
_c21 cm.
852 _aES-MaACL
_jC-7805
_bR.35673
999 _c148743
_d148743